000 00438nam a2200181Ia 4500
005 20240718035104.0
008 240331s9999 xx 000 0 und d
020 _a8120802136
082 _a200.042
_bOBE
100 _aObeyesekere, G
245 4 _aThe cult the goddess pattini
260 _aNew Delhi
_bMotilal Banarsidass
_c1987
300 _axvii, 629 p .,
650 _a History
650 _aRitual
650 _aWomen
942 _cL
999 _c789
_d789